152 problems in real estate appraisal with suggested solutions (Record no. 357425)

000 -LEADER
fixed length control field 00513cam a22001337a 4500
008 - FIXED-LENGTH DATA ELEMENTS--GENERAL INFORMATION
fixed length control field 180718b1956 xxu||||| |||| 00| 0 eng d
082 ## - DEWEY DECIMAL CLASSIFICATION NUMBER
Classification number L231208 Am35p
245 ## - TITLE STATEMENT
Title 152 problems in real estate appraisal with suggested solutions
Statement of responsibility, etc. by American Institute of Real Estate Appraisers
250 ## - EDITION STATEMENT
Edition statement 2nd ed.
260 ## - PUBLICATION, DISTRIBUTION, ETC.
Place of publication, distribution, etc. Chicago
Name of publisher, distributor, etc. American Institute of Real Estate Appraisers
Date of publication, distribution, etc. 1956
300 ## - PHYSICAL DESCRIPTION
Extent 141p.
650 ## - SUBJECT ADDED ENTRY--TOPICAL TERM
Topical term or geographic name entry element Real property - Valuation - Study and teaching
700 ## - ADDED ENTRY--PERSONAL NAME
Personal name American Institute of Real Estate Appraisers
Holdings
Withdrawn status Lost status Damaged status Not for loan Permanent Location Current Location Date acquired Full call number Barcode Checked out Date last seen Price effective from Koha item type
        Indian Institute of Public Administration Indian Institute of Public Administration 1994-01-13 L231208 Am35p 18503 2011-02-15 2018-07-21 2018-07-21 Book

Powered by Koha